LEADER 01203nam a2200289 a 4500 001 000000144122 003 CaOOAMICUS 005 20150616093240.0 008 150616s1994 it u000 u ita r 020 $z8831509829* 040 $aPUL$bita 100 1 $aBuzzetti, Carlo,$d1943-$0(OLS)http://pul/name/35796 245 10$a4x1 un unico brano biblico e vari "fare" :$bguida pratica di ermeneutica e pastorale biblica /$cCarlo Buzzetti. 260 $aMilano :$bPaoline,$c1994. 300 $a271 p. ;$c21 cm 490 1 $aUn ponte per ;$v03 504 $aBibliografia nelle note finali. 650 4$aTeologia pastorale.$0(OLS)http://pul/subject/1301 830 3$aUn ponte per ;$v03.$0(OLS)http://pul/title/67182 850 $aPUL 852 $aPUL$W1$xDP1 Fondo S. Lanza$y121$m3 C 43$j18172$qFondi$B166741$CPULBib$Z2$F166741 $HLan2089 $82 941 1 $a1 960 $aPastorale$91301 996 $6020$z8831509829*$9(OLS)http://pul/number/157930 996 $6245$a4x1 un unico brano biblico e vari "fare" :$bguida pratica di ermeneutica e pastorale biblica$9(OLS)http://pul/title/182335 996 $6260$aMilano :$bPaoline$9(OLS)http://pul/publisher/60808 LEADER 01116nam a2200217 a 4500 001 000000111611 003 CaOOAMICUS 005 20080512131933.0 008 080512s2002 it d m 000 0 ita d 040 $aPUL$bita 100 1 $aCostantini, Rosanna.$0(OLS)http://pul/name/68605 245 13$aLa configurazione della psicologia dell'educazione :$banalisi del contenuto di quattro riviste scientifiche di psicologia dell'educazione /$cRosanna Costantini. 260 $aRoma :$b[s.n.],$c2002. 300 $a136 p. :$bgrafici ;$c24 cm. 502 $aDissertazione: Pontificia Facoltà di Scienze dell'Educazione "Auxilium", Roma, 2002. 650 4$aEducazione$xAspetti filosofici e psicologici.$0(OLS)http://pul/subject/23103 850 $aPUL 852 $aPUL$W1$xDP1 Tesi Pon. Fac. Auxilium$y32$m2002 A 1$j127937$qTesi$B126650$CPULBib$Z2$F126650 $82 941 1 $a16 996 $6245$aLa configurazione della psicologia dell'educazione :$banalisi del contenuto di quattro riviste scientifiche di psicologia dell'educazione$9(OLS)http://pul/title/140393 996 $6260$aRoma :$b[s.n.]$9(OLS)http://pul/publisher/47958